000 00784cab a2200241 4500
001 WB3444-27
008 090401t1998 xxu||||| |||| 00| 0 eng d
035 _a(Sirsi) u89736
041 _aeng
245 _aLow cost home ownership system
260 _c1998
350 _a0
490 _aDETR News Release
_v(957) 11 November 1998 (2)
520 _aThe Housing Minister has announced that local authorities are to be allowed to continue funding housing associations to run the Do-It-Yourself Shared Ownership scheme for at least a further two years.
650 _aDIYSO
650 _aDIY SHARED OWNERSHIP
650 _aHOME OWNERSHIP
650 _aHOMEBUY SCHEME
650 _aLOW-COST HOUSING
690 _aBlock management
_96220
942 _n0
948 _c17/11/1998
999 _c56793
_d56793